• 首页
  • 本馆介绍
  • 公告通知
  • 最新文献
  • 馆藏检索
  • 电子资源
  • 读者导购
  • 参考咨询
  • 我的图书馆
  • 登录
  • 详细信息显示
  • 放入我的书架
  • 预约/预借图书
  • 作者相关作品
  • 分类相关作品
  • 丛书相关作品
  • 出版社相关作品

书目信息

  • 表格格式
  • 工作单格式
  • 卡片格式
题名:
甘油
    
 
作者: 张金廷 , 胡培强 , 施永诚 编著
分册:  
出版信息: 北京   化学工业出版社  2008
页数: 184页
开本: 24cm
丛书名:
单 册:
中图分类: TQ645.5
科图分类:
主题词: 甘油--生产--基本知识 , 甘油
电子资源:
ISBN: 978-7-122-02229-5
000 00941nam0 2200277 45
001 1029977956
005 20100429095044.50
010    @a978-7-122-02229-5@dCNY29.00
100    @a20100420d2008 ekmy0chiy0120 ea
101 0  @achi
102    @aCN@b110000
105    @ay z 000yy
106    @ar
200 1  @a甘油@AGan You@dGlycerine@f张金廷,胡培强,施永诚等编著@FZhang Jin Ting, Hu Pei Qiang, Shi Yong Cheng Deng Bian Zhu@zeng
210    @a北京@c化学工业出版社@d2008
215    @a184页@d24cm
330    @a本书全面系统地介绍了甘油的性质、甘油的回收及精制方法、甘油及其衍生物的应用、甘油分析方法、甘油产品标准及检验方法。
510 1  @aGlycerine@zeng
606 0  @a甘油@x生产@x基本知识
606 0  @a甘油
690    @aTQ645.5@v4
701  0 @a张金廷@AZhang Jin Ting@4编著
701  0 @a胡培强@AHu Pei Qiang@4编著
701  0 @a施永诚@AShi Yong Cheng@4编著
801  0 @aCN@bTANGWEI@c20100429
905    @b0595201-05@dTQ645.5@e32@f5
    
    甘油=Glycerine/张金廷,胡培强,施永诚等编著.-北京:化学工业出版社,2008
    184页;24cm
    
    
    ISBN 978-7-122-02229-5:CNY29.00
    本书全面系统地介绍了甘油的性质、甘油的回收及精制方法、甘油及其衍生物的应用、甘油分析方法、甘油产品标准及检验方法。
●
相关链接 在E读中查询图书 在五车中查询图书 在当当中查询图书 在豆瓣中查询图书


正题名:甘油     索取号:TQ645.5/32         预约/预借

序号 登录号 条形码 馆藏地/架位号 状态 备注
1 0595201   205952012   第二样本阅览室/ [索取号:TQ645.5/32] 在馆    
2 0595202   205952021   第三借阅区/ [索取号:TQ645.5/32] 在馆    
3 0595203   205952030   第三借阅区/ [索取号:TQ645.5/32] 在馆    
4 0595204   205952049   第三借阅区/ [索取号:TQ645.5/32] 在馆    
5 0595205   205952058   第三借阅区/ [索取号:TQ645.5/32] 在馆    
唐山师范学院图书馆 欢迎您!
大连网信软件有限公司© 版权所有